000
00304nam a22001457a 4500
008
210514b ||||| |||| 00| 0 eng d
020
_a
2901111726200
041
_a
eng
080
_a
2
082
_a
2
100
_a
24
101
_a
TEO
245
_a
World RELG
_c
Robert E.V. Voorst
942
_2
udc
_c
BK
999
_c
57339
_d
57339